A válás társadalmi okai
Elmentve itt :
| Szerző: | |
|---|---|
| További közreműködők: | |
| Dokumentumtípus: | Szakdolgozat |
| Megjelent: |
1971
|
| Tárgyszavak: | |
| Online Access: | http://diploma.bibl.u-szeged.hu/18293 |
| LEADER | 00520nta a2200157 i 4500 | ||
|---|---|---|---|
| 001 | dipl18293 | ||
| 005 | 20130314074702.0 | ||
| 008 | 111214s1971 hu om 0|| zxx d | ||
| 040 | |a SZTE Diploma Repozitórium |b hun | ||
| 041 | |a zxx | ||
| 100 | 1 | |a Sahn Imre | |
| 245 | 1 | 2 | |a A válás társadalmi okai |h [elektronikus dokumentum] / |c Imre Sahn |
| 260 | |c 1971 | ||
| 650 | 4 | |a Jogi és igazgatási tanulmányok | |
| 700 | 1 | |a nincs megadva |e ths | |
| 856 | 4 | 0 | |u http://diploma.bibl.u-szeged.hu/id/eprint/18293/1/1971_sahn_imre.pdf |z Dokumentum-elérés |